000 01017cam a2200325 a 4500
001 14613655
003 OSt
005 20260422133850.0
008 061027s2007 nyua b 001 0 eng
010 _a
020 _a 9781408271209
020 _a1408271206
035 _a14613655
040 _aDLC
_cDLC
_dDLC
050 0 0 _aHF5549
_b.H78413 2010
082 0 0 _a658.3
_222
245 0 0 _aHuman resource management :
_ba contemporary approach /
_cedited by Julie Beardwell, Tim Claydon.
250 _a6th ed.
260 _aHarlow, England ;
_aNew York :
_bPrentice Hall/Financial Times,
_c2010.
300 _a709p. :
_bcol. ill. ;
_c27 cm.
336 _atext
_btxt
_2rdacontent
337 _aunmediated
_bn
_2rdamedia
338 _avolume
_bnc
_2rdacarrier
504 _aIncludes bibliographical references and index.
650 0 _aPersonnel management
_vTextbooks.
700 1 _aBeardwell, Julie.
700 1 _aClaydon, Tim,
_d1949-
906 _a7
_bcbc
_corignew
_d1
_eocip
_f20
_gy-gencatlg
942 _2lcc
_cBK
999 _c266240
_d266239